000 00548nam a2200193 a 4500
005 20241106063715.0
008 991125s1977 mx 000 0 spa u
035 _aUPN01000002761
049 _aCG
050 4 _aHA29
_bCH6.28 1977
100 1 _aChou, Ya-Lun,
_d1922-
_930216
245 1 0 _aAnálisis estadístico /
_cYa-Lun Chou ; tr. Vicente Agut Armar.
250 _a2a ed.
260 _aMéxico :
_bInteramericana,
_c1977.
300 _a808 p. :
_bil., tablas
650 4 _aEstadística
_92988
650 4 _aProbabilidades
_98417
905 _aLibro
999 _c2761
_d2761